| 000 | 00723nam a2200205 a 4500 | ||
|---|---|---|---|
| 001 | 000564485 | ||
| 003 | AM-YeHGA | ||
| 005 | 20250618075705.0 | ||
| 008 | 080123|1907 ai | |||||||||||||arm|d | ||
| 040 | _aAM-YeHGA | ||
| 041 | 0 | _aarm | |
| 100 | 1 |
_aՏաղավարյան, Նազարեթ Նահապետի, _d1862-1915 _9806 |
|
| 245 | 1 | 0 |
_aՄանրէք եւ անոնց շահատակութիւններն / _cՆ. Տաղաւարեան. |
| 250 | _aԳ. հրատ. | ||
| 260 |
_aԳահիրէ : _bտպ. Արարատ, _c1907. |
||
| 300 |
_a27 էջ ; _c20 սմ. |
||
| 440 | 0 | _aԼսարան-ընթերցատան Գահիրէի | |
| 650 | 1 | 4 | _aՇնչառական օրգանների հիվանդություններ |
| 090 | _c489585 | ||
| 999 |
_c486216 _d486216 |
||